Geografia fizyczna Ameryki Północnej - Statystyki

Ogólne statystyki
  • Ten quiz został rozwiązany 173 razy
  • Średni wynik to 6 z 14
Statystyki odpowiedzi
Pytanie: Odpowiedź: % Poprawnych
Najdłuższa rzeka: Missouri/Missisipi
89%
Najwyższy szczyt: Denali/McKinley
73%
Sławny rezerwat przyrody w środkowej części USA. Słynie z gejzerów: Yellowstone
62%
Największa wyspa: Grenlandia
60%
Jedna z największych zatok na świecie: Zatoka Meksykańska
49%
Największe jezioro: Jezioro Górne
42%
Rzeka oddzielająca USA od Meksyku: Rio Grande
41%
Najniższy punkt: Dolina Śmierci
37%
Wyspy na których jest położony Nowy Jork (największe): Long Island/ Manhattan
36%
Największa wyspa Kanady: Ziemia Baffina
31%
Największa pustynia USA: Mojave
17%
Jezioro w USA pokryte w całości solą: Wielkie Jezioro Słone
15%
Najdłuższe pasmo górskie: Góry Nadbrzeżne
3%
Kanał budowany na wzór Panamskiego w Nikaragui (nazwa): Kanał Nikaraguański
1%
Nie znaleziono quizów pasujących do podanych kryteriów
Rozkład punktacji
Procent ludzi z każdym wynikiem
Percentyl według liczby udzielonych odpowiedzi
Twoja historia wyników
Nie rozwiązałeś tego quizu